| 000 | 01203nam a22002657a 4500 | ||
|---|---|---|---|
| 999 |
_c21962 _d21962 |
||
| 003 | AR-CdUCM | ||
| 008 | 190425b ||||| |||| 00| 0 spa d | ||
| 040 |
_aMUNICIPALIDAD PROVINCIAL DEL CUSCO _cBIBLIOTECA MUNICIPAL DEL CUSCO |
||
| 082 | _aEleconom/N°6/1981 | ||
| 110 |
_aUniversidad Nacional de San Antonio Abad del Cusco _915942 |
||
| 245 |
_aEl Economista / _cDirección del Programa Académico de Economía |
||
| 260 |
_aCusco : _bDirección del Programa Académico de Economía, _c1981. |
||
| 300 |
_a32 páginas. : _c29 cm. |
||
| 440 |
_aEl Economista. _nNúmero 6, año 1981 _947002 |
||
| 505 | _aContenido: Gobierno local Regional i Turismo. Teresa Flores Ochoa. -- Ante proyecto de ley del canon turístico. Teresa Flores Ochoa. -- Pobreza i desarrollo opciones del mundo en desarrollo. Hollis Chenery. Lucro inflacionario. Luis Paliza Gallegos. -- Intereses. Guillotina Económica. Luis Paliza Gallegos | ||
| 650 |
_aTurismo _947003 |
||
| 650 |
_aInflacion _94615 |
||
| 650 |
_aEconomía _9382 |
||
| 700 |
_aFlores Ochoa, Teresa _947004 |
||
| 700 |
_aChenery, Hollis _947005 |
||
| 700 |
_aPaliza Gallegos, Luis _947006 |
||
| 942 |
_2ddc _cPP |
||
| 945 | _avhl | ||